| 000 | 00742nam a2200229Ia 4500 | ||
|---|---|---|---|
| 001 | 16757 | ||
| 003 | GE_BSU | ||
| 008 | 181216s||||||||xx |||||||||||||| ||und|| | ||
| 040 | _cGE_BSU | ||
| 080 | _a821.353.1-31 | ||
| 100 | _aიოსელიანი, ოტია (1930-2011) | ||
| 245 | _aშავი და ცისფერი მდინარე. წ. 4. | ||
| 245 | _bრომანი | ||
| 245 | _cრედ. ზ.კუხიანიძე | ||
| 260 | _aქუთაისი | ||
| 260 | _bსაბჭ. საქართველო | ||
| 260 | _c1988 | ||
| 300 | _a310 გვ.21 სმ. | ||
| 653 | _aრომანი | ||
| 653 | _aშავი და ცისფერი მდინარე | ||
| 942 | _cBK | ||
| 999 |
_c49822 _d49822 |
||